00366nam a2200133Ia 4500008004100000020001500041041001200056082002000068100003900088245004200127260002700169300001200196650002400208231217s9999 xx 000 0 und d a8131408434 aEnglish a338.7 RAM;1 R aRamani, V V. Bala Krishna, A V ed. 0aBusiness incubation : an introduction c2007bIcfaiaHyderabad axi, 268 aBusiness,incubation